Než pravda vyjde najevo = Kono uso ga barenai uchi ni /
Další návštěva podivuhodné tokijské kavárny Funiculi Funicula, která za jistých podmínek umožňuje naplnit novodobou legendu o putování v čase.
Uloženo v:
| Série: | Funiculi funicula,
část 2 |
|---|---|
| Hlavní autor: | |
| Další autoři: | |
| Médium: | E-kniha |
| Jazyk: | Czech |
| Vydáno: |
Praha :
Kniha Zlin,
2020
|
| Vydání: | Vydání první |
| Edice: | Fleet
|
| Témata: | |
| Příbuzné jednotky: | Z cyklu::
Funiculi funicula |
| Tagy: |
Žádné tagy |
| LEADER | 02514cam a2200469 i 4500 | ||
|---|---|---|---|
| 001 | 302832 | ||
| 003 | CZ PrSKC | ||
| 005 | 20260515063232.0 | ||
| 007 | ta | ||
| 008 | 200521s2020 xr g 000 f czeod | ||
| 015 | |a cnb003219871 | ||
| 020 | |a 9788074739941 |q (vázáno) : |c Kč 299,00 | ||
| 035 | |a (OCoLC)1200255133 | ||
| 040 | |a UOG001 |b cze |d UOG001 |d ABG001 |d ABA001 |e rda | ||
| 041 | 1 | |a cze |h jpn | |
| 072 | 7 | |a 821.521 |x Japonská literatura |2 Konspekt | |
| 080 | |a 821.521-31 |2 MRF | ||
| 080 | |a (0:82-31) |2 MRF | ||
| 100 | 1 | |a Kawaguchi, Toshikazu, |d 1971- |7 xx0234582 |4 aut | |
| 240 | 1 | 0 | |a Kono uso ga barenai uchi ni. |l Česky |
| 245 | 1 | 0 | |a Než pravda vyjde najevo = |b Kono uso ga barenai uchi ni / |c Tošikazu Kawaguči ; v překladu Ivony Barešové |
| 246 | 3 | 1 | |a Kono uso ga barenai uchi ni |
| 250 | |a Vydání první | ||
| 264 | 1 | |a Praha : |b Kniha Zlin, |c 2020 | |
| 300 | |a 161 stran ; |c 21 cm | ||
| 336 | |a text |b txt |2 rdacontent | ||
| 337 | |a bez média |b n |2 rdamedia | ||
| 338 | |a svazek |b nc |2 rdacarrier | ||
| 490 | 1 | |a Fleet ; |v svazek 156 | |
| 500 | |a Přeloženo z japonštiny | ||
| 520 | 2 | |a Další návštěva podivuhodné tokijské kavárny Funiculi Funicula, která za jistých podmínek umožňuje naplnit novodobou legendu o putování v čase. |b Japonská kavárna Funiculi funicula už umožnila cestovat v čase mnoha lidem. Tentokrát se pro návrat do minulosti rozhodnou čtyři muži, kteří by udělali cokoli, aby se ještě jednou setkali se svými blízkými. Teď, když pochopili, že život může vychladnout stejně rychle jako káva, musí svým milovaným naposled něco sdělit. Jen tak najdou sílu změnit svůj pohled na život a pokusí se v něm znovu najít štěstí. Nakladatelská anotace. | |
| 655 | 7 | |a japonské romány |7 fd132490 |2 czenas | |
| 655 | 9 | |a Japanese fiction |2 eczenas | |
| 700 | 1 | |a Barešová, Ivona, |d 1974- |7 mzk2009495952 |4 trl | |
| 787 | 0 | 8 | |i Z cyklu: |t Funiculi funicula |g 2 |
| 830 | 0 | |a Fleet | |
| 900 | |a ABA001 |b 20 | ||
| 928 | 9 | |a Albatros Media - Kniha Zlin | |
| 044 | |a xr | ||
| 910 | |a RBIT002 | ||
| 998 | |d 206414 |a https://core.palmknihy.cz/api/books/206414/cover?tf10w3 |b https://core.palmknihy.cz/api/books/206414/cover/400?tf10w3 |c https://core.palmknihy.cz/api/books/206414/cover/50?tf10w3 |e 2028-12-31 |g 168 |i 9788074739941 |j https://core.palmknihy.cz/api/books/206414/preview.epub |k https://core.palmknihy.cz/api/books/206414/preview.pdf |l |q 49 |r 1 |s https://www.palmknihy.cz/kniha/206414 |t ebook |y 2020 |z 0 |v Funiculi funicula |w 2 | ||
| 999 | |d 302830 | ||